| 000 | 00370cam a2200145ua 4500 | ||
|---|---|---|---|
| 003 | OSt | ||
| 008 | 250106b |||||||| |||| 00| 0 eng d | ||
| 041 | _aeng | ||
| 082 |
_a621.3815 _bMIT/EL |
||
| 100 |
_aMithal , G K . _96766 |
||
| 245 | _aElectronic devices and circuits, Vol 1 / | ||
| 260 |
_aDelhi : _bKhanna publishers , _c1997. |
||
| 300 | _a764 ; . | ||
| 942 | _cBK | ||
| 999 |
_c10669 _d10669 |
||